It (Eso).

Na minha lista:
Detalhes bibliográficos
Autor principal: King, Stephen (autor)
Formato: Desconhecido
Idioma:inglês
Publicado em: Barcelona, España: Debolsillo, 2016
Assuntos:
Tags: Adicionar Tag
Sem tags, seja o primeiro a adicionar uma tag!

MARC

LEADER 00000 a2200000 4500
003 CL-VaPUC
005 20241126102138.0
008 220106b2016 ||||| |||| 00| 0 eng d
999 |c 434008  |d 434006 
020 |a 9788497593793 
040 |c Pontificia Universidad Católica de Valparaíso 
082 7 |a 813 KIN 2016  |2 22 
100 |a King, Stephen  |e autor  |9 592661 
245 |a It (Eso). 
260 |a Barcelona, España:  |b Debolsillo,  |c 2016 
300 |a 1502 páginas  
583 |k Cristina María Rojas Aguilar  |c 20220106 
650 |a Novelas estadounidenses  |9 265217 
650 0 |a Cuentos de terror  |9 450869 
942 |2 ddc  |c BK 
952 |0 0  |1 0  |2 ddc  |4 0  |6 813_000000000000000_KIN_2016  |7 0  |8 A  |9 580208  |a BIBENE  |b BIBENE  |c GEN  |d 2022-01-06  |e 3  |g 9176.00  |i 5633826  |l 5  |m 3  |o 813 KIN 2016  |p 5633826  |q 2025-04-14  |r 2025-03-17  |s 2025-03-17  |t 1  |v 9176.00  |w 2022-01-06  |y BK  |k ICO